000 01505cam a2200361 i 4500
003 OSt
005 20250410081842.0
008 250408s2013 ku g f000r0 ara c
020 _a9789996650864
040 _aKW-KwMAI
_bara
_erda
082 0 4 _a251
_qSA-RiAUC
090 _a251
_b م ح م
100 1 _aمحمد، محمد أحمد القياتي،
_d1973-
_eمؤلف.
245 1 0 _aوسائلية الفقه والأصول في تحقيق مقاصد الشريعة /
_cمحمد أحمد القياتي محمد.
250 _aالطبعة الأولى.
264 1 _aالكويت :
_bوزارة الأوقاف والشؤون الإسلامية، قطاع الشؤون الثقافية، إدارة الثقافة الإسلامية،
_c2013
300 _a118 صفحة ؛
_c24 سم.
336 _aنص
_btxt
_2rdacontent
_3كتاب
337 _aبدون وسيط
_bn
_2rdamedia
338 _aمجلد
_bnc
_2rdacarrier
490 1 _aروافد.
_aمراجعات ؛
_v71
500 _aالإخراج الفني : محمود محمد أبو الفضل.
504 _aببليوجرافية : صفحة 111-118.
506 0 _aيهدى ولا يباع.
520 0 _aأصول الفقه.
650 7 _aأصول الفقه الإسلامي
_2aucsh
650 7 _aالأدلة الشرعية
_2aucsh
650 7 _aمقاصد الشريعة
_2aucsh
830 0 _aروافد.
_pمراجعات
_v71
856 4 _uBOOKS/135
942 _2ddc
_cBOOK
_n0
949 _aSA-JeALM
_d250408
_umohamedma123
_n1
999 _c6847
_d6847